000 00697nam a2200289Ia 4500
005 20260324144301.0
008 008 260324s9999 xx 000 0 eng d
020 _a9781315147178
037 _aEBOOK
040 _aCRL
040 _beng
040 _cCRL
041 _2eng
041 _aeng
084 _qCRL
100 _aRita E. Neri
_91218749
245 0 _aU.S./Japan Foreign Trade
245 3 _bAn Annotated Bibliography of Socioeconomic Perspectives
260 _bTaylor and Francis
260 _c1988
365 _a
365 _b135
856 _uhttp://www.taylorfrancis.com/books/9781315147178
942 _cEBOOK
999 _c1825178
_d1825178